000 03669cam a2200301 4500500
005 20251228064332.0
041 _afre
042 _adc
100 1 0 _aClément, Céline
_eauthor
700 1 0 _aBonvalet, Catherine
_eauthor
245 0 0 _aReconfigurations des logiques résidentielles et désinstitutionnalisation des parcours de vie
260 _c2021.
500 _a92
520 _aCet article retrace les parcours résidentiels des 58 retraités nés entre 1927 et 1952 interrogés dans le cadre de l’enquête Amare et les resitue dans le temps long pour les envisager en tenant compte des différentes trajectoires (familiales, sociales, professionnelles) qui composent la vie des individus – l’idée directrice étant que ces dernières constituent une même histoire personnelle (Girard, 1964 ; Grafmeyer, 2010). Prendre en compte l’ensemble des sphères de vie tout en analysant leur intrication est un moyen de saisir l’intelligibilité des trajectoires, d’en appréhender les logiques, de découvrir des effets de « contamination » d’une sphère à l’autre (Bidart, 2006), mais aussi d’observer les « bifurcations biographiques » (Grossetti et al., 2009) qui impliquent des arbitrages, des réaménagements. La mobilité sera alors appréhendée comme « la capacité des êtres sociaux au cours de leur existence à redéfinir le sens des situations auxquelles ils se trouvent confrontés et les enjeux qui leur importent » (Grafmeyer, 1994). Après avoir décrit les trajectoires résidentielles des enquêtés dans leur ensemble, nous examinerons comment celles-ci, traversées par le processus de désinstitutionalisation de manière différente selon le genre et la génération, se sont écartées du modèle de parcours logement mis en place depuis les années 1960.
520 _aThis article reviews the residential courses of 58 retired people born between 1927 and 1952 interviewed as part of the AMARE survey. We resituate these courses over the long term to examine them while taking account of the different trajectories (family, social, professional) that make up individual lives, the guiding idea being that these trajectories constitute the same personal history (Girard, 1964; Grafmeyer, 2010). Factoring in all the spheres of life while analysing their entanglement serves to capture the intelligibility of trajectories, understand the logics involved, identify “contamination” effects from one sphere to another (Bidart, 2006), and observe the “biographical bifurcations” (Grossetti et al., 2009) implied by choices and rearrangements. From this standpoint, residential mobility may be understood as “the capacity of social beings over the course of their existence to redefine the meaning of the situations facing them and the issues that are important to them” (Grafmeyer, 1994). After describing the residential trajectories of the interviewees as a whole, we examine how the trajectories, which are affected by the process of de-institutionalisation in various ways depending on gender and generation, have shifted away from the residential trajectory model in place since the 1960s.
690 _afamille
690 _agénérations
690 _amobilité résidentielle
690 _aparcours de vie
690 _aretraite
690 _afamily
690 _agenerations
690 _alife course
690 _aresidential mobility
690 _aretirement
786 0 _nRetraite et société | 86 | 2 | 2021-09-29 | p. 47-69 | 1167-4687
856 4 1 _uhttps://shs.cairn.info/revue-retraite-et-societe-2021-2-page-47?lang=fr&redirect-ssocas=7080
999 _c1589878
_d1589878